000 00703cam a22002172 4500
001 0000001533
005 20151217151819.0
008 070314s xx 000 0 eng d
020 _a039396093 :
040 _aKABU
_cKABU
050 0 _aHC110
_b.E5P74
245 1 0 _aPreserving the global environment :
_bthe challenge of shared leadership /
_cJessica Tuchman, J. T. Mathews., editors.
260 _aNew York :
_bW.W. Norton,
_c1991.
300 _a362 p.
650 0 _aEnvironmental policy
_zUnited States.
_@0000150349
700 1 _aTuchman, Jessica.
_@0000150352
700 1 _aMathews, J. T.
_@0000150353
908 _a070314
950 _@1
999 _c5301
_d5301